Canadian Multiple Choice - Statistics

General Stats
  • This quiz has been taken 20 times
  • The average score is 8 of 9
Answer Stats
Question Answer % Correct
What is the population of Canada as of 2024? 40,000,000
100%
What is the national animal of Canada? Beaver
100%
Who is the current prime minister of Canada? Justin Trudeau
100%
What continent is Canada currently on? North America
100%
What is the most populated Canadian province/territory? Ontario
100%
Who is the country that Canada shares a the largest land border with? USA
100%
What year did Canada become a country? 1867
75%
What rank is Canada for Land mass? 2nd
75%
What is the largest Canadian province/territory? Nunavut
50%
No matching quizzes found
Score Distribution
Percent of People with Each Score
Percentile by Number Answered
Your Score History
You have not taken this quiz